Countries with podiums in the UCI WorldTour & ProSeries 2021 - Statistics

General Stats
  • This quiz has been taken 24 times
  • The average score is 27 of 34
Answer Stats
Answer 1st Places 2nd Places 3rd Places Total Podiums % Correct
Belgium 44 32 27 103
100%
France 23 35 35 93
100%
Netherlands 24 20 19 63
100%
Portugal 6 15 5 26
100%
Spain 12 18 21 51
100%
United Kingdom 29 14 22 65
100%
Austria 3 2 4 9
95%
Denmark 16 19 21 56
95%
Ireland 8 3 3 14
95%
Italy 27 42 37 106
95%
United States 7 4 5 16
95%
Canada 1 2 5 8
90%
Germany 14 16 14 44
90%
Norway 4 8 10 22
90%
Slovakia 3 0 3 6
90%
Slovenia 28 21 8 57
90%
Switzerland 10 7 4 21
90%
Australia 13 11 15 39
86%
Colombia 13 13 14 40
86%
New Zealand 0 1 3 4
86%
Russia 0 3 3 6
86%
Ecuador 2 0 3 5
81%
Poland 1 0 4 5
81%
Czech Republic 0 1 0 1
71%
Kazakhstan 1 2 0 3
67%
South Africa 0 2 1 3
62%
Hungary 0 0 1 1
57%
Ukraine 2 0 1 3
57%
Latvia 0 0 1 1
52%
Estonia 2 0 1 3
48%
Argentina 0 0 2 2
43%
Belarus 0 0 1 1
38%
Romania 0 0 1 1
38%
Venezuela 0 1 0 1
38%
No matching quizzes found
Score Distribution
Percent of People with Each Score
Percentile by Number Answered
Your Score History
You have not taken this quiz